Synthesis and characterization of boro-vanadate glasses (Record no. 393764)

MARC details
000 -LEADER
fixed length control field 00475nam a22001817a 4500
005 - DATE & TIME
control field 20251031123024.0
008 - FIXED-LENGTH DATA ELEMENTS--GENERAL INFORMATION
fixed length control field 251031b |||||||| |||| 00| 0 eng d
040 ## - CATALOGING SOURCE
Original cataloging agency VIVEKANANDA LIBRARY
082 ## - DDC NUMBER
Classification number 538.3
Book Number A31S
100 ## - MAIN ENTRY--PERSONAL NAME
Personal name Asha Rani
245 ## - TITLE STATEMENT
Title Synthesis and characterization of boro-vanadate glasses
260 ## - PUBLICATION, DISTRIBUTION, ETC. (IMPRINT)
Name of publisher, distributor, etc Department of Physics, M D University, Rohtak
Date of publication, distribution, etc 2025
300 ## - PHYSICAL DESCRIPTION
Pages x, 178
650 ## - Subject
Subject Physics
650 ## - Subject
Subject Glasses
700 ## - Added Entry Personal Name
Added Entry Personal Name Parmar, Rajesh
942 ## - ADDED ENTRY ELEMENTS (KOHA)
Koha item type Thesis
Holdings
Withdrawn status Lost status Source of classification or shelving scheme Damaged status Not for loan Location (home branch) Sublocation or collection (holding branch) Shelving location Date acquired Koha issues (times borrowed) Koha full call number Accession No. Koha date last seen Copy number Koha item type
    Dewey Decimal Classification     VIVEKANANDA LIBRARY VIVEKANANDA LIBRARY Vivekananda Library 31/10/2025   538.3 A31S 411230 31/10/2025 R Thesis
© Designed and Maintained by Vivekananda Library, MDU Rohtak